00449nam a22001457a 4500020001500000082001200015100001700027245001400044260007600058300000800134650002000142942000700162952011700169999001700286 a0440235596 a823 BIN aBinchy Maeve aTara Road aCanadabDell Publishing a division of Random House, Inc. New Yarkc2000 a647 aEnglish-Fiction cBK 00104070aHMIbHMIcGENd2015-09-11eDr Andreas D'Souzag0.00l0o823 BINp11-2534r2015-09-11w2015-09-11yBK c19718d19718